| 000 | 00622aam a2200217 4500 | ||
|---|---|---|---|
| 005 | 20231012110716.0 | ||
| 008 | 150601b2004 xxu||||| |||| 00| 0 spa d | ||
| 020 | _a8497351355 | ||
| 041 | _aESP | ||
| 082 | _a306.88 G797i | ||
| 100 |
_aGreen, Raymond B. _921114 |
||
| 245 | _aInfieles: 180 trucos para descubrir la infidelidad | ||
| 260 |
_aEpaña _bAmat _c2000 |
||
| 300 | _a144 páginas | ||
| 650 | _aRELACIONES DE PAREJA | ||
| 650 | _aINFIDELIDAD | ||
| 650 | _aSIGNOS REVELADORES | ||
| 650 | _aTRUCOS DE VIGILANCIA | ||
| 650 | _aDESCUBRIMIENTO DE LA INFIDELIDAD | ||
| 942 |
_cLIT _2ddc |
||
| 999 |
_c2455 _d2455 |
||